Statistics for Country Names That Contain Another Country Name

Click here to take the quiz!

General Stats

  • This quiz has been taken 315 times
  • The average score is 6 of 15

Answer Stats

countrycountry% Correct
AustraliaAustria
98%
Guinea-BissauGuinea
95%
IndonesiaIndia
92%
MalaysiaMali
50%
MonacoOman
48%
Sri LankaIran
28%
SlovakiaLaos
22%
MontenegroTogo
20%
EthiopiaHaiti
19%
PakistanSpain
18%
LiechtensteinChile
17%
Costa RicaCroatia
13%
BangladeshGhana
12%
United StatesSudan
11%
Saint LuciaTunisia
10%

Score Distribution

Percentile by Number Answered

Percent of People with Each Score

Your Score History

You have not taken this quiz